Minor Latin poets /
| Άλλοι συγγραφείς: | , |
|---|---|
| Μορφή: | Ηλ. βιβλίο |
| Γλώσσα: | English Latin |
| Έκδοση: |
Cambridge, MA :
Harvard University Press,
1935.
|
| Σειρά: | Loeb Classical Library
284, 434. |
| Θέματα: | |
| Διαθέσιμο Online: | τ.1 τ.2 |
| LEADER | 02625cam a22003734i 4500 | ||
|---|---|---|---|
| 001 | hup0000384 | ||
| 003 | GR-PaULI | ||
| 005 | 20210924132019.0 | ||
| 006 | m o d | ||
| 007 | cr cn | ||
| 008 | 141025s1935 mau go 00| p eng d | ||
| 952 | |0 0 |1 0 |2 ddc |4 0 |7 0 |9 323163 |a LISP |b LISP |d 2021-02-03 |l 0 |r 2021-02-03 00:00:00 |v 2021.00 |w 2021-02-03 |y ERS | ||
| 999 | |c 181654 |d 181654 | ||
| 020 | |z 9780674993143 |q (τ. 1) |q έντυπο | ||
| 020 | |z 9780674994782 |q (τ. 2) |q έντυπο | ||
| 040 | |a MaCbHUP |d TLC |d GR-PaULI |e AACR2 |b gre | ||
| 041 | 1 | |a eng |a lat |h lat | |
| 245 | 0 | 0 | |a Minor Latin poets / |c with an English translation by J. Wight Duff and Arnold M. Duff. |
| 260 | |a Cambridge, MA : |b Harvard University Press, |c 1935. | ||
| 300 | |a 1 ηλεκτρονική πηγή (2 τ.) | ||
| 490 | 1 | |a Loeb Classical Library ; |v 284, 434 | |
| 505 | 0 | |a v. I. Publilius Syrus. Elegies on Maecenas. Grattius. Calpurnius Siculus. Laus Pisonis. Einsiedeln Eclogues. Aetna -- v. II. Florus. Hadrian. Nemesianus. Reposianus. Tiberianus. Dicta Catonis. Phoenix. Avianus. Rutilius Namatianus. Others. | |
| 520 | |b This two-volume anthology of Latin poetry covers a period of four and a half centuries, beginning with the work of the mime-writer Publilius Syrus, who flourished ca. 45 BCE, and ending with the graphic and charming poem of Rutilius Namatianus recording a sea voyage from Rome to Gaul in 416 CE. A wide variety of theme gives interest to the poems: hunting in a poem of Grattius; an inquiry into the causes of volcanic activity by the author of Aetna; pastoral poems by Calpurnius Siculus and by Nemesianus; fables by Avianus; a collection of Dicta, moral sayings, as if by the elder Cato; eulogy in Laus Pisonis; and the legend of the Phoenix, a poem of the fourth century. Other poets complete the edition. | ||
| 546 | |a Κείμενο στα λατινικά με παράλληλη αγγλική μετάφραση. | ||
| 655 | 0 | |a Ηλεκτρονικά βιβλία | |
| 655 | 0 | |a Λατινική ποίηση | |
| 700 | 1 | |a Duff, A. M. |q (Arnold Mackay), |d 1900- |e μεταφραστής. |9 124007 | |
| 700 | 1 | |a Duff, J. Wight |q (John Wight), |d 1866-1944, |e μεταφραστής. |9 124008 | |
| 776 | 0 | 8 | |i Έντυπη έκδοση: |t Minor Latin poets. |d Cambridge, Mass. : Harvard University Press, 1935 |z 9780674993143(v.1) |z 9780674994782(v.2) |
| 830 | 0 | |a Loeb Classical Library |v 284, 434. |9 158945 | |
| 856 | 4 | 0 | |3 τ.1 |u https://www.loebclassics.com/view/LCL284/1934/volume.xml |
| 856 | 4 | 0 | |3 τ.2 |u https://www.loebclassics.com/view/LCL434/1934/volume.xml |
| 942 | |2 ddc |c ERS | ||
| 998 | |c Φραντζή |d 2021-07 | ||